| 000 | 00405nam a22001697a 4500 | ||
|---|---|---|---|
| 005 | 20170401134433.0 | ||
| 008 | 170401b xxu||||| |||| 00| 0 eng d | ||
| 020 | _a978-93-259-6880-6 | ||
| 041 | _aeng | ||
| 100 |
_aBHAVIKATTI,S.S _93754 |
||
| 245 | _aSTRUCTURAL ANALYSIS II | ||
| 250 | _a4th | ||
| 260 |
_bVIKASH PUBLICATION HOUSE _c1999 |
||
| 300 | _a429 | ||
| 650 |
_aENGINEERING _93755 |
||
| 942 | _cBK | ||
| 999 |
_c5371 _d5369 |
||